000 00274nam a22001337a 4500
008 170522b xxu||||| |||| 00| 0 eng d
020 _a9780060575731
041 _aeng
080 _a94
100 _a16
101 _aSHH
245 _aWARLORD
_cD'ESTE,C
942 _2udc
_cBK
999 _c13669
_d13669